| 000 | nam a22 7a 4500 | ||
|---|---|---|---|
| 999 |
_c126320 _d126320 |
||
| 008 | 170322b xxu||||| |||| 00| 0 eng d | ||
| 050 | _aHE8699.K45 M39 1998 | ||
| 100 |
_aMuchiri, Mundia [et al ] _929480 |
||
| 245 |
_aMedia censorship in a plural context _cMundia Muchiri et al and Kenya human rights commission |
||
| 260 |
_aNairobi _bKenya Human Rights Commission _c1998 |
||
| 300 |
_a68p. ; _c21cm. |
||
| 650 |
_aKenya broadcasting corporation _929481 |
||
| 650 |
_aRadio broadcasting _zKenya _929482 |
||
| 650 |
_aBroadcasting policy _zKenya _929483 |
||
| 650 |
_aRadio in politics _zKenya _929484 |
||
| 710 |
_aKenya Human Rights Commission _923023 |
||
| 942 |
_2lcc _cMONOGRAPH |
||